Pipe resistance for hydraulic lubricating and fuel oils and other non-aqueous liquids (Record no. 4253)

000 -LEADER
fixed length control field 00464nam a22001577a 4500
008 - FIXED-LENGTH DATA ELEMENTS--GENERAL INFORMATION
fixed length control field 200728b ||||| |||| 00| 0 eng d
082 00 - DEWEY DECIMAL CLASSIFICATION NUMBER
Classification number 532.54
Item number B3655
100 ## - MAIN ENTRY--PERSONAL NAME
9 (RLIN) 2009
Personal name Beacham, T. E.
245 10 - TITLE STATEMENT
Title Pipe resistance for hydraulic lubricating and fuel oils and other non-aqueous liquids
250 ## - EDITION STATEMENT
Edition statement 1st ed.
260 ## - PUBLICATION, DISTRIBUTION, ETC. (IMPRINT)
Place of publication, distribution, etc London
Name of publisher, distributor, etc E and F. N. SPON
Date of publication, distribution, etc 1951
300 ## - PHYSICAL DESCRIPTION
Extent 61 p.
365 ## - TRADE PRICE
Unit of pricing 14.10
650 #0 - SUBJECT ADDED ENTRY--TOPICAL TERM
Topical term or geographic name as entry element Pipe Fluid Dynamics
942 ## - ADDED ENTRY ELEMENTS (KOHA)
Item type Books
Holdings
Withdrawn status Lost status Source of classification or shelving scheme Damaged status Not for loan Permanent location Current location Date acquired Source of acquisition Full call number Barcode Date last seen Koha item type
  Lost       IMU Kolkata IMU Kolkata 1953-03-19 Graford Books and stationary 532.54 B3655 01843 2020-07-28 Books
Designed and Maintained by IMU-KC Library, Kolkata Campus © Copyright All Rights Reserved

webs counters

Powered by Koha